Cities over 1 Million in Central Europe - Statistics

General Stats
  • This quiz has been taken 33 times
  • The average score is 4 of 6
Answer Stats
Answer % Correct
Prague
90%
Warsaw
87%
Budapest
81%
Bratislava
61%
Krakow
52%
Lodz
39%
No matching quizzes found
Score Distribution
Percent of People with Each Score
Percentile by Number Answered
Your Score History
You have not taken this quiz